[Event "4th HD Bank Cup 2014"]
[Site "Ho Chi Minh City VIE"]
[Date "2014.03.10"]
[Round "1.26"]
[White "Tran, Minh Thang"]
[Black "Emojong, Elijah"]
[Result "0-1"]
[BlackTitle "IM"]
[WhiteElo "2071"]
[BlackElo "2350"]
[WhiteFideId "12401080"]
[BlackFideId "10000402"]
[EventDate "2014.03.10"]

1. d4 Nf6 2. Bf4 c5 3. e3 Nd5 4. Bg3 Qb6 5. b3 cxd4 6. Qxd4 Qa5+ 7. Qd2 Nb4 8.
c3 e6 9. Nf3 N8c6 10. Be2 Nd5 11. O-O Be7 12. e4 Nf6 13. Qc2 Nh5 14. b4 Qb6 15.
Bh4 Nf4 16. Bxe7 Nxe7 17. Na3 O-O 18. Nc4 Qc7 19. Rfc1 b6 20. Bf1 f5 21. exf5
Nxf5 22. Qd2 Bb7 23. Nce5 Nh4 24. Nxh4 Qxe5 25. g3 Qh5 26. Qxd7 Bd5 27. c4 Rad8
28. Qe7 Rde8 29. Qd6 Ba8 30. Qd1 Qh6 31. Qg4 g5 32. Bg2 Nxg2 33. Nxg2 Bf3 34.
Qd4 e5 35. Qe3 Re6 36. c5 Qh3 37. Qxg5+ Rg6 0-1

[Event "4th HD Bank Cup 2014"]
[Site "Ho Chi Minh City VIE"]
[Date "2014.03.10"]
[Round "1.27"]
[White "Pham, Le Thao Nguyen"]
[Black "Nguyen, Phuoc Tam"]
[Result "1-0"]
[WhiteTitle "IM"]
[WhiteElo "2349"]
[BlackElo "2055"]
[WhiteFideId "12401226"]
[BlackFideId "12402109"]
[EventDate "2014.03.10"]

1. d4 f5 2. g3 Nf6 3. Bg2 g6 4. Nf3 Bg7 5. O-O O-O 6. c4 d6 7. b3 Ne4 8. Bb2 Nc6
9. Nbd2 Nxd2 10. Qxd2 e5 11. e3 e4 12. Ne1 Bd7 13. Nc2 h5 14. Bc3 h4 15. b4 hxg3
16. hxg3 Qg5 17. a4 Nd8 18. Rfc1 Nf7 19. b5 Qh5 20. Qd1 Qh8 21. Nb4 Rae8 22. Ra3
g5 23. c5 g4 24. Nd5 Re6 25. Nf4 Rh6 26. Ba5 Ng5 27. Bxc7 Rh2 28. Bxd6 Rf6 29.
Kf1 Rxg2 30. Kxg2 Rh6 31. Qb3+ Be6 32. Nxe6 Rh2+ 33. Kf1 Rxf2+ 34. Kxf2 Qh2+ 35.
Kf1 Nf3 36. Ng5+ Kh8 37. Nxf3 gxf3 38. Qc2 Qh1+ 39. Kf2 Qg2+ 40. Ke1 Qg1+ 41.
Kd2 Qf2+ 42. Kc3 Qxe3+ 43. Kb2 Qxd4+ 44. Kb1 Kh7 45. Rd1 Qf6 46. Bf4 Qe7 47. Be3
b6 48. Rc3 bxc5 49. Rxc5 1-0

[Event "4th HD Bank Cup 2014"]
[Site "Ho Chi Minh City VIE"]
[Date "2014.03.10"]
[Round "1.28"]
[White "Dang, Hoang Son"]
[Black "Sukandar, Irine Kharisma"]
[Result "1-0"]
[WhiteTitle "FM"]
[BlackTitle "WGM"]
[WhiteElo "2043"]
[BlackElo "2343"]
[WhiteFideId "12402435"]
[BlackFideId "7101937"]
[EventDate "2014.03.10"]

1. d4 Nf6 2. Nf3 d5 3. c4 e6 4. g3 dxc4 5. Bg2 Nc6 6. Qa4 Bb4+ 7. Bd2 Nd5 8. Ne5
Bd7 9. Nxd7 Qxd7 10. e3 a6 11. O-O b5 12. Qc2 O-O 13. Nc3 Be7 14. Rfe1 Rab8 15.
b3 Ncb4 16. Qb1 Rfd8 17. Ne2 c5 18. e4 Nf6 19. Bxb4 cxb4 20. d5 e5 21. Qb2 Bc5
22. h3 c3 23. Qc2 a5 24. Nc1 Bd4 25. Nd3 Ra8 26. Kh2 Ra6 27. a4 bxa3 28. Rxa3 a4
29. bxa4 Rda8 30. Rxc3 Bxc3 31. Qxc3 bxa4 32. Nxe5 Qa7 33. Re2 a3 34. Nc6 Qb6
35. Ra2 Qb1 36. Ra1 Qb2 37. Qe1 Nd7 38. e5 Nc5 39. e6 fxe6 40. dxe6 Re8 41. Bd5
Nd3 42. Qf1 Rxc6 43. Ra2 Qc1 44. Qxd3 Rd6 45. Qf5 Kh8 46. e7 Rf6 47. Qd7 Rc8 48.
Qxc8+ Qxc8 49. Re2 Qe8 50. Bb3 Rb6 51. Ba4 Rb8 52. Bxe8 Rxe8 53. Re3 Kg8 54.
Rxa3 Rxe7 55. g4 h6 56. Kg3 Kf7 57. f4 Rb7 58. Kf3 Kf6 59. h4 Rc7 60. g5+ hxg5
61. hxg5+ Kf7 62. f5 Rb7 63. Rc3 Ra7 64. Ke4 Re7+ 65. Kd5 Rd7+ 66. Ke5 Ra7 67.
Rc5 Ke7 68. Rc4 Ra5+ 69. Kf4 Ra7 70. Kg4 Kf7 71. Kh5 Rb7 72. Rc8 Ra7 73. g6+ Kf6
74. Rf8+ Ke5 75. f6 gxf6 76. Kh6 Ra1 77. g7 Rh1+ 78. Kg6 Rg1+ 79. Kf7 f5 80.
g8=Q Rxg8 81. Kxg8 Kf4 82. Kf7 Kg3 83. Ke6 f4 84. Ke5 f3 85. Ke4 f2 86. Ke3 1-0

[Event "4th HD Bank Cup 2014"]
[Site "Ho Chi Minh City VIE"]
[Date "2014.03.10"]
[Round "1.29"]
[White "Nguyen, Van Hai"]
[Black "Tran, Le Dan Thuy"]
[Result "1-0"]
[WhiteTitle "IM"]
[WhiteElo "2341"]
[BlackElo "2005"]
[WhiteFideId "12400122"]
[BlackFideId "12403407"]
[EventDate "2014.03.10"]

1. e4 c5 2. Nf3 d6 3. d4 cxd4 4. Qxd4 Nc6 5. Bb5 Bd7 6. Bxc6 Bxc6 7. Nc3 e6 8.
Bg5 Nf6 9. O-O-O Be7 10. Rhe1 O-O 11. Kb1 d5 12. e5 Nd7 13. h4 h6 14. Bxe7 Qxe7
15. Re3 Qc5 16. Qg4 Nb6 17. Nd4 Kh7 18. f4 Nc4 19. Rg3 Rg8 20. b3 Na3+ 21. Kc1
Bd7 22. Nb1 Rac8 23. Nxa3 Qxa3+ 24. Kb1 Rc5 25. Rd2 Qb4 26. Qe2 Rgc8 27. Kb2 Ra5
28. c3 Qa3+ 29. Kb1 Qe7 30. Qg4 f5 31. exf6 Qxf6 32. Re3 Ra6 33. g3 Rd6 34. Qe2
b5 35. Kb2 Rb6 36. Qh5 a5 37. Qe5 Qf7 38. g4 b4 39. cxb4 axb4 40. h5 Rf8 41. Rf3
Qe8 42. Rg2 Qa8 43. g5 Rc8 44. a4 bxa3+ 45. Ka2 hxg5 46. h6 gxh6 47. fxg5 Rf8
48. gxh6 1-0

[Event "4th HD Bank Cup 2014"]
[Site "Ho Chi Minh City VIE"]
[Date "2014.03.10"]
[Round "1.30"]
[White "Ngo, Kim Cuong"]
[Black "Boricsev, Oleg"]
[Result "1-0"]
[BlackTitle "IM"]
[WhiteElo "1995"]
[BlackElo "2339"]
[WhiteFideId "12400890"]
[BlackFideId "720500"]
[EventDate "2014.03.10"]

1. d4 g6 2. g3 Bg7 3. Bg2 f5 4. e3 d6 5. Ne2 c6 6. b3 e5 7. Bb2 Be6 8. dxe5 dxe5
9. Qxd8+ Kxd8 10. Nd2 Nd7 11. O-O-O Kc7 12. Nf3 Bf6 13. h4 h6 14. Kb1 Ne7 15.
Rd2 Rad8 16. Rhd1 Rhe8 17. c4 g5 18. hxg5 hxg5 19. Ne1 Ng6 20. e4 g4 21. Ka1 Bg5
22. Rd6 f4 23. Nc3 Bf7 24. R6d3 f3 25. Bf1 Rh8 26. Bc1 Bxc1 27. Rxc1 Rh1 28. Nc2
Nc5 29. Rxd8 Kxd8 30. Rd1+ Ke7 31. Ne3 Be6 32. Kb2 a5 33. a3 Rh2 34. Rd2 Nf4 35.
Nxg4 Bxg4 36. gxf4 exf4 37. b4 axb4 38. axb4 Nd7 39. Nd1 Ne5 40. Kc3 Rh1 41. Bd3
Be6 42. Kd4 Kf6 43. Kc5 Rh7 44. b5 Nd7+ 45. Kd6 1-0

[Event "4th HD Bank Cup 2014"]
[Site "Ho Chi Minh City VIE"]
[Date "2014.03.10"]
[Round "1.31"]
[White "Duong, The Anh"]
[Black "Doan, Thi Van Anh"]
[Result "1-0"]
[WhiteTitle "IM"]
[BlackTitle "WFM"]
[WhiteElo "2335"]
[BlackElo "1994"]
[WhiteFideId "12401277"]
[BlackFideId "12400491"]
[EventDate "2014.03.10"]

1. d4 d5 2. c4 c6 3. Nf3 Nf6 4. e3 Bf5 5. Nc3 e6 6. Nh4 Bg4 7. Qb3 Qc7 8. h3 Bh5
9. g4 Bg6 10. Nxg6 hxg6 11. Bg2 Nbd7 12. Bd2 Nb6 13. cxd5 exd5 14. O-O-O O-O-O
15. Kb1 Kb8 16. Rc1 Nc4 17. Be1 Qb6 18. Qxb6 axb6 19. b3 Nd6 20. f3 Nc8 21. Kb2
Bd6 22. Bf2 Rde8 23. Rhf1 g5 24. Rc2 Nd7 25. e4 dxe4 26. fxe4 f6 27. Rd1 Ne7 28.
e5 Bc7 29. exf6 gxf6 30. d5 cxd5 31. Nxd5 Nxd5 32. Rxd5 Ne5 33. Rcd2 Rd8 34.
Rxd8+ Rxd8 35. Rxd8+ Bxd8 36. Kc3 Kc7 37. Kd4 Be7 38. Kd5 Nd3 39. Ke6 Bd8 40.
Bg3+ Kc8 41. Bf1 Nc5+ 42. Kf5 Kd7 43. Bc4 Kc6 44. h4 gxh4 45. Bxh4 b5 46. Bf7
Be7 47. Bxf6 Bf8 48. Be8+ Kb6 49. g5 Nd3 50. g6 Nc1 51. Ke6 Nxa2 52. Kf7 Bh6 53.
Bg5 1-0

[Event "4th HD Bank Cup 2014"]
[Site "Ho Chi Minh City VIE"]
[Date "2014.03.10"]
[Round "1.33"]
[White "Muminova, Nafisa"]
[Black "Le, Minh Hoang"]
[Result "1-0"]
[WhiteTitle "WGM"]
[BlackTitle "CM"]
[WhiteElo "2322"]
[BlackElo "1931"]
[WhiteFideId "14201526"]
[BlackFideId "12404683"]
[EventDate "2014.03.10"]

1. e4 c5 2. Nf3 d6 3. d4 cxd4 4. Nxd4 Nf6 5. Nc3 a6 6. Bc4 e6 7. Bb3 Nbd7 8. O-O
Nc5 9. f4 Qc7 10. Qe2 b5 11. e5 b4 12. Nd5 Nxd5 13. Bxd5 Bb7 14. Bxb7 Qxb7 15.
Be3 g6 16. f5 gxf5 17. exd6 Ne4 18. Bf4 Bg7 19. Rad1 O-O 20. Kh1 Rfd8 21. Rd3 e5
22. Nxf5 exf4 23. Qg4 f6 24. d7 Ng5 25. h4 h5 26. Qxf4 Ne4 27. Re1 Rxd7 28. Rxe4
Rxd3 29. cxd3 Qb8 30. Qf3 1-0

[Event "4th HD Bank Cup 2014"]
[Site "Ho Chi Minh City VIE"]
[Date "2014.03.10"]
[Round "1.34"]
[White "Luu, Duc Hai"]
[Black "Hoang, Canh Huan"]
[Result "0-1"]
[BlackTitle "FM"]
[WhiteElo "1913"]
[BlackElo "2321"]
[WhiteFideId "12412228"]
[BlackFideId "12400599"]
[EventDate "2014.03.10"]

1. d4 g6 2. c4 Bg7 3. e4 d6 4. Be3 Nc6 5. h3 e5 6. Nf3 exd4 7. Nxd4 Nf6 8. Nc3
O-O 9. Nxc6 bxc6 10. Qc2 Re8 11. Be2 c5 12. O-O-O Bb7 13. f3 Bc6 14. g4 Rb8 15.
Bg5 h6 16. Be3 Qe7 17. Bd3 d5 18. cxd5 Nxd5 19. Nxd5 Bxd5 20. Bxc5 Qg5+ 21. f4
Qxf4+ 22. Qd2 Bxb2+ 23. Kc2 Qxe4 24. Bxe4 Bxe4+ 25. Qd3 Bxd3+ 26. Kxd3 Rbd8+ 27.
Kc4 Re4+ 28. Kb5 c6+ 29. Kxc6 Rc8+ 30. Kb7 Rxc5 31. Rd8+ Kg7 32. Rhd1 Re7+ 33.
Ka8 a5 34. h4 a4 35. R8d7 Rxd7 36. Rxd7 Rc4 37. g5 h5 38. Rd2 a3 39. Rh2 Rc1 40.
Kb7 Ra1 41. Kc6 Rxa2 42. Kd5 Ra1 43. Kc4 Be5 44. Re2 Bg3 0-1

[Event "4th HD Bank Cup 2014"]
[Site "Ho Chi Minh City VIE"]
[Date "2014.03.10"]
[Round "1.35"]
[White "Yeoh, Li Tian"]
[Black "Tran, Thi Mong Thu"]
[Result "1-0"]
[WhiteElo "2320"]
[BlackElo "1909"]
[WhiteFideId "5702895"]
[BlackFideId "12403415"]
[EventDate "2014.03.10"]

1. e4 c5 2. c3 d6 3. d4 cxd4 4. cxd4 Nc6 5. Nf3 g6 6. Nc3 Bg7 7. Be3 Nf6 8. h3
O-O 9. Rc1 a6 10. Bd3 Bd7 11. Qd2 e5 12. O-O Rc8 13. d5 Ne7 14. Qd1 b5 15. Qb3
Ne8 16. a4 Rb8 17. axb5 axb5 18. Na2 f5 19. Nb4 Nc7 20. Ng5 Kh8 21. f4 h6 22.
fxe5 Bxe5 23. Nf3 Bg7 24. e5 Nc8 25. Bf4 Be8 26. Nc6 Bxc6 27. Rxc6 Rb6 28. exd6
Rxc6 29. dxc6 Nxd6 30. Ne5 Rf6 31. Nd7 Re6 32. Nc5 Bd4+ 33. Kh1 Bxc5 34. Qc3+
Kh7 35. Qxc5 Qe7 36. Rd1 Nde8 37. Qxe7+ Rxe7 38. Bxb5 Nxb5 39. Rd7 Rg7 40. Be5 1-0

[Event "4th HD Bank Cup 2014"]
[Site "Ho Chi Minh City VIE"]
[Date "2014.03.10"]
[Round "1.36"]
[White "Nguyen, Truong Bao Tran"]
[Black "Fang, Yan"]
[Result "0-1"]
[WhiteElo "1889"]
[BlackElo "2307"]
[WhiteFideId "12402311"]
[BlackFideId "8604746"]
[EventDate "2014.03.10"]

1. c4 Nf6 2. d4 c5 3. e3 g6 4. Nf3 Bg7 5. Be2 O-O 6. O-O cxd4 7. exd4 d5 8. Nc3
Nc6 9. h3 b6 10. Be3 Bb7 11. a3 Rc8 12. Rc1 dxc4 13. Bxc4 Na5 14. Ba2 Nc4 15.
Qe2 Nxe3 16. fxe3 e6 17. Rcd1 Nd5 18. Bxd5 exd5 19. Qd3 Re8 20. Rde1 Rc6 21. Kh1
Rce6 22. Nd1 Qc8 23. Rf2 Qc4 24. Qd2 f6 25. Nh2 Bh6 26. Ng4 Bg7 27. Nh2 h5 28.
Ref1 Ba6 29. Re1 Bh6 30. Nf3 Kg7 31. g4 hxg4 32. hxg4 Re4 33. Rg2 Qc8 34. Nf2
Bxe3 35. Rxe3 Rxe3 36. Rg3 Re2 37. Qf4 Rxf2 38. g5 Re1+ 0-1

[Event "4th HD Bank Cup 2014"]
[Site "Ho Chi Minh City VIE"]
[Date "2014.03.10"]
[Round "1.37"]
[White "Tran, Manh Tien"]
[Black "Nguyen, Dang Hong Phuc"]
[Result "1-0"]
[WhiteElo "2304"]
[BlackElo "1870"]
[WhiteFideId "12401897"]
[BlackFideId "12402761"]
[EventDate "2014.03.10"]

1. e4 e6 2. d3 d5 3. Nd2 c5 4. g3 Nc6 5. Bg2 Nf6 6. Ngf3 Qc7 7. O-O Be7 8. Re1
O-O 9. e5 Nd7 10. Qe2 Nd4 11. Nxd4 cxd4 12. Nf3 Bc5 13. Bf4 b5 14. h4 a5 15. Ng5
Bb7 16. Qh5 h6 17. Nf3 Rfc8 18. Re2 Nf8 19. Bc1 Qb6 20. g4 Nh7 21. g5 g6 22. Qg4
h5 23. Qf4 a4 24. b3 Bb4 25. Bb2 Bc3 26. Bxc3 dxc3 27. b4 Bc6 28. a3 Be8 29. Nd4
Rd8 30. Re3 Rac8 31. Rae1 Bc6 32. Bf3 Nf8 33. Bd1 Rd7 34. Rf3 Rcc7 35. Qe3 Ba8
36. Rf4 Rc8 37. Bf3 Rcd8 38. Kh2 Bc6 39. Rg1 Ba8 40. Rg3 Bb7 41. Rf6 Ba8 42. Qf4
Rc7 43. Bxh5 gxh5 44. Nf5 Qa7 45. Nh6+ Kg7 46. g6 fxg6 47. Qg5 Bc6 48. Qxh5 Be8
49. Qg5 Rdd7 50. h5 Re7 51. hxg6 Qd4 52. Nf7 1-0

[Event "4th HD Bank Cup 2014"]
[Site "Ho Chi Minh City VIE"]
[Date "2014.03.10"]
[Round "1.38"]
[White "Wolfaardt, Francois"]
[Black "Vo, Thanh Ninh"]
[Result "0-1"]
[WhiteElo "1785"]
[BlackElo "2299"]
[WhiteFideId "14302578"]
[BlackFideId "12402141"]
[EventDate "2014.03.10"]

1. e4 e6 2. d4 d5 3. exd5 exd5 4. Nc3 Bb4 5. Qf3 Nc6 6. Bb5 Ne7 7. Ne2 Bf5 8.
Ba4 Be4 9. Qg4 O-O 10. O-O Bxc3 11. Nxc3 Bf5 12. Qf4 Na5 13. Re1 c6 14. Re2 Qd7
15. Be3 Nc4 16. Rb1 b5 17. Bb3 Nd6 18. f3 a5 19. a4 Be6 20. Rbe1 Ndf5 21. Bf2
Ng6 22. Qd2 h5 23. Nd1 Qd6 24. Qc1 Nf4 25. Rd2 Qb4 26. Nc3 Rfd8 27. Na2 Qd6 28.
Nc3 Rab8 29. Bg3 Nxg3 30. hxg3 Ng6 31. Ne2 Qb4 32. Nc3 Qd6 33. Ne2 bxa4 34. Bxa4
Qb4 35. b3 Bf5 36. Nf4 c5 37. Nxh5 cxd4 38. g4 Be6 39. Red1 Qc5 40. Qb2 Rdc8 41.
Kh1 Qc3 42. Qxc3 Rxc3 43. Rc1 Rbc8 44. Rxd4 Rxc2 45. Rcd1 Rb2 46. R4d2 Rcc2 47.
Rxc2 Rxc2 48. Rd4 Nh4 49. b4 Rxg2 50. bxa5 Ra2 51. a6 Nxf3 52. a7 Rh2# 0-1

[Event "4th HD Bank Cup 2014"]
[Site "Ho Chi Minh City VIE"]
[Date "2014.03.10"]
[Round "1.39"]
[White "Nguyen, Hoang Nam"]
[Black "Frost, Peter"]
[Result "1-0"]
[WhiteTitle "CM"]
[WhiteElo "2281"]
[BlackElo "1781"]
[WhiteFideId "12402133"]
[BlackFideId "3204634"]
[EventDate "2014.03.10"]

1. d4 Nf6 2. c4 g6 3. Nc3 Bg7 4. g3 O-O 5. Bg2 d6 6. Nf3 Nc6 7. O-O a6 8. b3 Rb8
9. a4 e5 10. d5 Ne7 11. Ba3 Nd7 12. Rc1 h6 13. b4 f5 14. c5 Nf6 15. cxd6 cxd6
16. b5 g5 17. Qb3 Ng6 18. bxa6 Rf7 19. a7 Ra8 20. Nb5 Ne8 21. Rc4 g4 22. Nd2 Bf8
23. Rfc1 h5 24. Rxc8 Rxc8 25. Rxc8 Qxc8 26. Nc4 Qd8 27. Nb6 Qxb6 28. a8=Q f4 29.
Qxe8 fxg3 30. Qxf7+ Kxf7 31. Nxd6+ 1-0

[Event "4th HD Bank Cup 2014"]
[Site "Ho Chi Minh City VIE"]
[Date "2014.03.10"]
[Round "1.40"]
[White "Pham, Hoang Nhat Anh"]
[Black "Tran, Thanh Tu"]
[Result "0-1"]
[BlackTitle "CM"]
[WhiteElo "1513"]
[BlackElo "2277"]
[WhiteFideId "12403148"]
[BlackFideId "12401404"]
[EventDate "2014.03.10"]

1. d4 Nf6 2. Nf3 e6 3. e3 b6 4. Bd3 Bb7 5. c4 Bb4+ 6. Bd2 Be7 7. Bc3 d5 8. Nbd2
c5 9. Rc1 Nbd7 10. b3 O-O 11. O-O Ne4 12. Bb2 cxd4 13. Nxd4 Ndc5 14. Bb1 Nxd2
15. Qxd2 dxc4 16. Qc2 g6 17. bxc4 Bf6 18. Rfd1 Qe7 19. Ba3 Qc7 20. Qe2 Rfd8 21.
Bb2 Na4 22. Ba1 Qe7 23. Bc2 Nc5 24. Nb3 Bxa1 25. Rxa1 Rac8 26. Rac1 Ba6 27. Nxc5
Qxc5 28. Rxd8+ Rxd8 29. Bd3 b5 30. Qf1 b4 31. h3 Bb7 32. Rb1 a5 33. Rd1 Rc8 34.
Be2 a4 35. Rb1 Be4 36. Rb2 Rb8 37. Qd1 Bc6 38. Qd4 Qa5 39. Qd6 Qb6 40. Qd4 Qb7
41. Bf1 b3 42. axb3 a3 43. Ra2 Qb4 44. Qa1 Ra8 45. Qc1 Qxb3 46. Qd2 Be4 47. c5
Bd5 48. Ra1 a2 49. Qc1 Qa4 50. Bd3 Qb4 51. c6 Rc8 52. c7 Qb6 53. e4 Rxc7 54. Qg5
Qb2 55. Rxa2 Rc1+ 56. Kh2 Bxa2 57. Qd8+ Kg7 58. Qd6 Qxf2 0-1

[Event "4th HD Bank Cup 2014"]
[Site "Ho Chi Minh City VIE"]
[Date "2014.03.11"]
[Round "2.2"]
[White "Bersamina, Paulo"]
[Black "Nguyen, Ngoc Truong Son"]
[Result "1/2-1/2"]
[WhiteTitle "FM"]
[BlackTitle "GM"]
[WhiteElo "2326"]
[BlackElo "2613"]
[WhiteFideId "5206995"]
[BlackFideId "12401110"]
[EventDate "2014.03.10"]

1. e4 e6 2. d4 d5 3. Nc3 Nf6 4. Bg5 Be7 5. e5 Nfd7 6. Bxe7 Qxe7 7. f4 a6 8. Nf3
c5 9. Qd2 Nc6 10. O-O-O b5 11. dxc5 Nxc5 12. Bd3 b4 13. Ne2 a5 14. Kb1 O-O 15.
Qe3 Nxd3 16. cxd3 Ba6 17. Ned4 Rfc8 18. Rc1 Qa7 19. Rhe1 Nxd4 20. Nxd4 Rxc1+ 21.
Rxc1 Rc8 22. Rxc8+ Bxc8 23. g4 Ba6 24. f5 Qc5 25. Ka1 a4 26. fxe6 a3 27. exf7+
Kxf7 28. Kb1 Ke8 29. e6 axb2 30. Nc2 Qxe3 31. Nxe3 Bxd3+ 32. Kxb2 Bc4 33. Nf5 g6
34. Nd4 Ke7 35. g5 Kd6 36. Kb1 Bd3+ 37. Kb2 Bc4 38. Kb1 Bd3+ 39. Kb2 Bc4 40. Kb1
Bd3+ 1/2-1/2

[Event "4th HD Bank Cup 2014"]
[Site "Ho Chi Minh City VIE"]
[Date "2014.03.11"]
[Round "2.3"]
[White "Zhang, Zhong"]
[Black "Muminova, Nafisa"]
[Result "1-0"]
[WhiteTitle "GM"]
[BlackTitle "WGM"]
[WhiteElo "2600"]
[BlackElo "2322"]
[WhiteFideId "8600694"]
[BlackFideId "14201526"]
[EventDate "2014.03.10"]

1. c4 e6 2. Nf3 Nf6 3. g3 d5 4. Bg2 a6 5. b3 d4 6. e3 Nc6 7. O-O e5 8. exd4 exd4
9. Na3 Be7 10. Nc2 Bg4 11. h3 Bf5 12. d3 O-O 13. Bb2 Bc5 14. a3 a5 15. Qd2 Qd6
16. Nh4 Bd7 17. Rab1 Ra6 18. Bxc6 bxc6 19. b4 Ba7 20. c5 Qd5 21. Bxd4 Bxh3 22.
Bxf6 gxf6 23. Rfe1 Kg7 24. d4 Bb8 25. Qd3 Ra8 26. Ne3 Qg5 27. Nef5+ Kh8 28. Re7
axb4 29. axb4 Ba7 30. Kh2 Bg4 31. Kg2 Rad8 32. Rh1 Bb8 33. Ne3 Bh5 34. Qe4 Rg8
35. Nf3 Qg6 36. Qh4 Bxf3+ 37. Kxf3 Rge8 38. Qe4 Rxe7 39. Qxe7 Rxd4 40. Rh4 Rxh4
41. Qf8+ Qg8 42. Qxg8+ Kxg8 43. gxh4 Kf8 44. Ke4 Ke7 1-0

[Event "4th HD Bank Cup 2014"]
[Site "Ho Chi Minh City VIE"]
[Date "2014.03.11"]
[Round "2.4"]
[White "Hoang, Canh Huan"]
[Black "Lu, Shanglei"]
[Result "0-1"]
[WhiteTitle "FM"]
[BlackTitle "GM"]
[WhiteElo "2321"]
[BlackElo "2558"]
[WhiteFideId "12400599"]
[BlackFideId "8603332"]
[EventDate "2014.03.10"]

1. Nf3 d6 2. d4 g6 3. c4 f5 4. Nc3 Nf6 5. e3 Bg7 6. b4 O-O 7. Bb2 c5 8. a3 Nc6
9. Qb3 b6 10. Rd1 h6 11. g3 Qe8 12. Bg2 Ba6 13. O-O Rc8 14. Nb5 Kh7 15. d5 Bxb5
16. cxb5 Nb8 17. bxc5 bxc5 18. Nd2 Nbd7 19. Nc4 Nb6 20. Bxf6 Bxf6 21. Na5 c4 22.
Qb4 Rc5 23. Nc6 c3 24. Nxa7 Qa8 25. Nc6 Rc4 26. Qb3 Qa4 27. Qa2 Ra8 28. Qe2 c2
29. Rc1 Bb2 30. Nd4 Bxc1 31. Rxc1 Rac8 32. h4 Qxa3 33. Rxc2 Rxc2 34. Nxc2 Qa2
35. Nd4 Rc1+ 36. Kh2 Qxe2 37. Nxe2 Rc5 38. Nf4 Rxb5 39. e4 fxe4 40. Bxe4 Kg7 41.
Bxg6 Nxd5 42. Bd3 Ra5 43. Nh5+ Kf7 44. Bc4 e6 45. Kh3 Nb6 46. Be2 Ra2 47. Nf4
Ke7 48. Kg2 e5 49. Ng6+ Kf6 50. Bh5 d5 51. g4 d4 52. Kg3 Nd5 53. Nf8 Ra3+ 54. f3
Nf4 55. g5+ Kg7 0-1

[Event "4th HD Bank Cup 2014"]
[Site "Ho Chi Minh City VIE"]
[Date "2014.03.11"]
[Round "2.5"]
[White "Yeoh, Li Tian"]
[Black "Nguyen, Duc Hoa"]
[Result "0-1"]
[BlackTitle "IM"]
[WhiteElo "2320"]
[BlackElo "2496"]
[WhiteFideId "5702895"]
[BlackFideId "12401358"]
[EventDate "2014.03.10"]

1. e4 c5 2. c3 d5 3. exd5 Qxd5 4. d4 Nc6 5. Nf3 Bf5 6. Be3 Nf6 7. Na3 cxd4 8.
Bc4 Qa5 9. Bd2 e6 10. cxd4 Bb4 11. O-O O-O 12. Be2 Bxd2 13. Nc4 Qb4 14. a3 Qe7
15. Qxd2 Rfd8 16. Rfd1 Rd7 17. Nfe5 Nxe5 18. Nxe5 Rc7 19. Rac1 Rac8 20. Rc4 Ne4
21. Qe3 Rxc4 22. Nxc4 Nd6 23. Nxd6 Qxd6 24. d5 exd5 25. Bf3 Qf6 26. Bxd5 b6 27.
h3 h6 28. Rd2 Kh7 29. Qf4 g5 30. Qf3 Qe5 31. g4 Bg6 32. Re2 Qc7 33. Qf6 Qd8 34.
Qxd8 Rxd8 35. Bf3 Kg7 36. Re7 a5 37. Rb7 Rd3 38. Bc6 Rb3 39. a4 Rxb2 40. Rb8 Rd2
41. Kg2 Rd6 42. Bb5 Be4+ 43. Kg3 Rf6 44. Be2 Rc6 45. f3 Bd5 46. Rd8 Rc5 47. Bb5
Kf6 48. Rd6+ Ke5 49. Rxb6 Rc3 50. Be2 Kd4 51. Rb5 Rc5 52. Rb2 Ke3 53. Bb5 Rc3
54. Re2+ Kd4 55. Rd2+ Kc5 56. Be2 Ra3 57. Bd1 Bc6 58. Rc2+ Kb6 59. Rc4 Rd3 60.
Be2 Rb3 61. Rd4 Kc7 62. Rd2 Rb4 63. Rc2 Kb6 64. Bc4 f6 65. Bf7 Bxa4 66. Rd2 Rf4
67. Rd6+ Kc5 68. Ra6 Kb5 69. Ra8 Bd1 70. Bd5 a4 71. h4 Kb4 72. Be4 Bb3 73. h5 a3
74. Rb8+ Kc3 75. Rc8+ Kb2 76. Rb8 a2 0-1

[Event "4th HD Bank Cup 2014"]
[Site "Ho Chi Minh City VIE"]
[Date "2014.03.11"]
[Round "2.6"]
[White "Nguyen, Anh Dung"]
[Black "Tran, Manh Tien"]
[Result "1-0"]
[WhiteTitle "GM"]
[WhiteElo "2469"]
[BlackElo "2304"]
[WhiteFideId "12400025"]
[BlackFideId "12401897"]
[EventDate "2014.03.10"]

1. d4 Nf6 2. c4 e6 3. Nc3 Bb4 4. Qc2 c5 5. dxc5 O-O 6. Nf3 Nc6 7. a3 Bxc5 8. Bg5
Be7 9. e3 a6 10. Be2 b6 11. O-O Bb7 12. Rfd1 Rc8 13. Rac1 Ne8 14. Bxe7 Nxe7 15.
Qd3 d6 16. Ng5 Nf5 17. Nge4 Qc7 18. Bf1 Qc6 19. Rc2 h6 20. Rcd2 Rd8 21. Qe2 Qc7
22. h3 Qc6 23. Qg4 Qc7 24. Qf4 Bc6 25. b4 Qb7 26. a4 a5 27. b5 Bd7 28. g4 g5 29.
Qh2 Nh4 30. Bg2 Qc7 31. c5 bxc5 32. Nxd6 Nf6 33. Nb7 Rc8 34. Qxc7 Rxc7 35. Nxa5
Nxg2 36. Kxg2 Rb8 37. Nc4 Kf8 38. e4 Bc8 39. Rd8+ Ke7 40. Ne5 Nd7 41. R1xd7+
Bxd7 42. Rxb8 1-0

[Event "4th HD Bank Cup 2014"]
[Site "Ho Chi Minh City VIE"]
[Date "2014.03.11"]
[Round "2.7"]
[White "Fang, Yan"]
[Black "Kuderinov, Kirill"]
[Result "1/2-1/2"]
[BlackTitle "IM"]
[WhiteElo "2307"]
[BlackElo "2454"]
[WhiteFideId "8604746"]
[BlackFideId "13701568"]
[EventDate "2014.03.10"]

1. e4 e5 2. Nf3 Nc6 3. Bb5 a6 4. Ba4 Nf6 5. O-O Be7 6. Re1 b5 7. Bb3 d6 8. c3
O-O 9. d4 Bg4 10. d5 Na5 11. Bc2 c6 12. h3 Bc8 13. dxc6 Qc7 14. Nbd2 Qxc6 15.
Nf1 Re8 16. Ng3 g6 17. Nh2 Be6 18. Ng4 Nxg4 19. hxg4 f6 20. Nf1 d5 21. g5 fxg5
22. exd5 Bxd5 23. Ne3 Be6 24. Ng4 Rad8 25. Qe2 Qc4 26. Nxe5 Qxe2 27. Rxe2 Bf6
28. Nf3 g4 29. Nd4 Bxd4 30. cxd4 Bf5 31. Rxe8+ Rxe8 32. Bd2 Nc4 33. Bb3 Re2 34.
Bc3 Kf8 35. Bxc4 bxc4 36. Re1 Rxe1+ 37. Bxe1 Bb1 38. a3 Be4 39. Kh2 Bd5 40. Kg3
h5 41. f3 gxf3 42. gxf3 Kf7 43. Kf4 Ke6 44. Kg5 Kf7 45. Kf4 Bc6 46. Bh4 Ke6 47.
Kg5 Kf7 48. Kf4 Bb7 49. Bf2 Kf6 50. Bh4+ Ke6 51. Kg5 Bxf3 52. Kxg6 Kd5 53. Bf6
Ke6 54. Bh4 Bg4 55. Kg5 Kd5 56. Kf4 Kxd4 1/2-1/2

[Event "4th HD Bank Cup 2014"]
[Site "Ho Chi Minh City VIE"]
[Date "2014.03.11"]
[Round "2.8"]
[White "Kashlinskaya, Alina"]
[Black "Nguyen, Hoang Nam"]
[Result "1-0"]
[WhiteTitle "WGM"]
[BlackTitle "CM"]
[WhiteElo "2440"]
[BlackElo "2281"]
[WhiteFideId "4198026"]
[BlackFideId "12402133"]
[EventDate "2014.03.10"]

1. d4 Nf6 2. c4 c5 3. d5 e6 4. Nc3 exd5 5. cxd5 d6 6. Nf3 g6 7. g3 Bg7 8. Bg2
O-O 9. O-O Re8 10. Bf4 Ne4 11. Nxe4 Rxe4 12. Nd2 Rb4 13. a3 Rxf4 14. gxf4 Bxb2
15. Rb1 Bxa3 16. e4 Bb4 17. e5 Bf5 18. Rb3 Qh4 19. Nc4 Qxf4 20. Nxd6 Qxe5 21.
Nxf5 Qxf5 22. Bh3 Qg5+ 23. Rg3 Qd8 24. f4 Nd7 25. f5 Ne5 26. fxg6 hxg6 27. Qe2
Qd6 28. Qe4 Kg7 29. Rf5 Re8 30. Rh5 Be1 31. Rgg5 Bc3 32. Rg3 Bd4+ 33. Kh1 Qb6
34. Qf4 Qf6 35. Rh7+ 1-0